HR Forecasting and planning/ (Record no. 57760)

MARC details
000 -LEADER
fixed length control field 00588nam a22002177a 4500
001 - CONTROL NUMBER
control field 57760
005 - DATE AND TIME OF LATEST TRANSACTION
control field 20260413121632.0
008 - FIXED-LENGTH DATA ELEMENTS--GENERAL INFORMATION
fixed length control field 260413s2007 ii |||||||| |||| 00| 0 eng d
020 ## - INTERNATIONAL STANDARD BOOK NUMBER
ISBN 9788179927397
040 ## - CATALOGING SOURCE
Original cataloging agency BD-DhIUB
Transcribing agency BD-DhIUB
Modifying agency BD-DhIUB
082 ## - DEWEY DECIMAL CLASSIFICATION NUMBER
Edition number 22
Classification number 658.3
100 ## - MAIN ENTRY--PERSONAL NAME
Personal name Turner, Paul
9 (RLIN) 7132
245 ## - TITLE STATEMENT
Title HR Forecasting and planning/
Statement of responsibility, etc Paul Turner
260 ## - PUBLICATION, DISTRIBUTION, ETC. (IMPRINT)
Place of publication, distribution, etc Mumbai:
Name of publisher, distributor, etc Jaico Publishing House,
Date of publication, distribution, etc 2007
300 ## - PHYSICAL DESCRIPTION
Extent xii,288p;.
Dimensions 24cm
526 ## - STUDY PROGRAM INFORMATION NOTE
School name School of Business and Entrepreneurship
Department HRM
Shelving Location Reference Stacks
541 ## - IMMEDIATE SOURCE OF ACQUISITION NOTE
Source of acquisition Trim Education
650 #0 - SUBJECT ADDED ENTRY--TOPICAL TERM
Topical term or geographic name as entry element Human Resources
9 (RLIN) 1846
650 #0 - SUBJECT ADDED ENTRY--TOPICAL TERM
Topical term or geographic name as entry element Planning
9 (RLIN) 1885
942 ## - ADDED ENTRY ELEMENTS (KOHA)
Source of classification or shelving scheme Dewey Decimal Classification
Koha item type Books
Holdings
Withdrawn status Lost status Source of classification or shelving scheme Damaged status Not for loan Home library Current library Shelving location Date acquired Source of acquisition Cost, normal purchase price Serial Enumeration / chronology Total Checkouts Full call number Barcode Date last seen Copy number Cost, replacement price Price effective from Koha item type
    Dewey Decimal Classification   Not For Loan Library, Independent University, Bangladesh (IUB) Library, Independent University, Bangladesh (IUB) Reference Stacks 24/03/2026 Purchase 1095.00 2007   658.3 T851h 029592 13/04/2026 01 2190.00 24/03/2026 Books